Normal view
MARC view
- Thermodynamics
Entry Topical Term
001 - CONTROL NUMBER
- control field: 5860
003 - CONTROL NUMBER IDENTIFIER
- control field: OSt
005 - DATE AND TIME OF LATEST TRANSACTION
- control field: 20240213145918.0
008 - FIXED-LENGTH DATA ELEMENTS
- fixed length control field: 240213|| aca||aabn | a|a d
040 ## - CATALOGING SOURCE
- Original cataloging agency: OSt
- Transcribing agency: OSt
150 ## - HEADING--TOPICAL TERM
- Topical term or geographic name as entry element: Thermodynamics
670 ## - SOURCE DATA FOUND
- Source citation: Work cat.: (OSt)8: Troup, Gorden . 5855, Marsers and larsers: molecular amplification and oscillation by stimulated emission , 1965.
